|
|
|
|
| LEADER |
00000cam a2200000 7i4500 |
| 001 |
0000003989 |
| 005 |
20130815.0 |
| 020 |
0 |
0 |
|a 9789834148232
|
| 090 |
0 |
0 |
|a 320.9595
|b NIK M 2012
|
| 100 |
0 |
0 |
|a Nik Aziz Nik Pa
|
| 245 |
1 |
0 |
|a Pengamalan budaya ketetapan dalam gagasan 1Malaysia: :
|b transformasi ke arah pembentukan negara maju
|c Nik Azis Nik Pa
|
| 260 |
0 |
0 |
|a Putrajaya :
|b Biro Tatanegara, Jabatan Perdana Menteri ,
|c 2012
|
| 300 |
|
|
|a xiv. 200p. ;
|c 22 cm.
|
| 500 |
0 |
0 |
|a Includes index
|
| 650 |
0 |
0 |
|a Malaysia
|z Politics and goverment
|
| 650 |
0 |
0 |
|a Malaysia
|z Social policy
|
| 998 |
|
|
|a JPSM
|
| 999 |
|
|
|a 007773
|b Monograph
|c Open Shelf
|e Default branch
|